[Event "GER-FRA"]
[Site "Kaufbeuren"]
[Date "1993.??.??"]
[Round "1"]
[White "Chabanon, Jean Luc"]
[Black "Hertneck, Gerald"]
[Result "0-1"]
[WhiteElo "2415"]
[BlackElo "2555"]

1.c4 e5 2.g3 Nf6 3.Bg2 d5 4.cxd5 Nxd5 5.Nc3 Nb6 6.Nf3 Nc6 7.O-O Be7 8.d3 O-O
9.a3 Be6 10.b4 a5 11.b5 Nd4 12.Nd2 a4 13.e3 Nb3 14.Nxb3 Bxb3 15.Qe2 Qd7 16.Bxb7 Rad8
17.Bb2 Qxd3 18.Qh5 f5 19.e4 g6 20.Qh3 Rf7 21.exf5 gxf5 22.Qh5 Nc4 23.Rad1 Nd2
24.Nb1 Bxd1 25.Rxd1 Qxb5 26.Rxd2 Qxb7 27.Rxd8+ Bxd8 28.Qe2 Bf6 29.Nc3 Qb3
30.Nb5 Rd7 31.Kg2 Qd5+ 32.Kh3 Qd3 33.Qxd3 Rxd3 34.Nxc7 Kf7 35.Nb5 Rd2 36.Bc3 Rxf2
37.Be1 Re2 38.Bb4 e4  0-1

[Event "Kecskemet2"]
[Site "Kecskemet"]
[Date "1993.??.??"]
[Round "8"]
[White "Csom, Istvan"]
[Black "Habibi, Ali"]
[Result "1-0"]
[WhiteElo "2475"]
[BlackElo "2310"]

1.c4 e5 2.g3 Nf6 3.Bg2 d5 4.cxd5 Nxd5 5.Nc3 Nb6 6.a3 a5 7.d3 Be7 8.Be3 N8d7
9.Nf3 c6 10.O-O O-O 11.Rc1 Kh8 12.Qb3 a4  1-0

[Event "Kobanya op"]
[Site "Kobanya"]
[Date "1993.??.??"]
[Round "3"]
[White "Mate, Laszlo"]
[Black "Forgacs, Jozsef"]
[Result "0-1"]
[WhiteElo "2285"]
[BlackElo "2330"]

1.c4 e5 2.g3 d6 3.Bg2 g6 4.Nc3 Bg7 5.e3 Nh6 6.Nge2 O-O 7.O-O Kh8 8.b3 Nc6
9.Bb2 g5 10.Nd5 g4 11.d4 f6 12.Qd2 Nf7 13.Kh1 Ng5 14.Ng1 e4 15.Rfd1 Bf5 16.b4 Qd7
17.b5 Ne7 18.Nf4 Ng6 19.Nh5 Nf3 20.Qc2 Ne7 21.Ne2 Qe8 22.Nhf4 Bh6 23.Bf1 Bg5
24.h4 gxh3 25.Bxh3 Bxh3 26.Nxh3 Ng6 27.Kg2 Qe6 28.Rh1 Qg4 29.Kf1 Rac8 30.Neg1 Kg7
31.Qd1 d5 32.cxd5 Qf5 33.Nxf3 exf3 34.Rc1 Rf7 35.Ng1 Qxd5 36.Qb3 Qe4 37.Rxh7+ Kxh7
38.Qxf7+ Kh6 39.Qb3 Re8 40.Qd1 Qd5  0-1

[Event "Kurgan"]
[Site "Kurgan"]
[Date "1993.??.??"]
[Round "?"]
[White "Savon, Vladimir A"]
[Black "Rashkovsky, Nukhim N"]
[Result "1/2-1/2"]
[WhiteElo "2450"]
[BlackElo "2530"]

1.c4 e5 2.g3 Nc6 3.Bg2 g6 4.Nc3 Bg7 5.d3 d6 6.Rb1 a5 7.a3 f5 8.b4 axb4 9.axb4 Nf6
10.b5 Nd4 11.e3 Ne6 12.Nge2 O-O 13.O-O h5  1/2-1/2

[Event "Kurgan"]
[Site "Kurgan"]
[Date "1993.??.??"]
[Round "?"]
[White "Vaulin, Alexander"]
[Black "Pugachov, Alexey"]
[Result "0-1"]
[WhiteElo "2500"]
[BlackElo "2470"]

1.c4 e5 2.g3 g6 3.d4 d6 4.dxe5 dxe5 5.Qxd8+ Kxd8 6.Nc3 c6 7.f4 Be6 8.e4 Nd7
9.Nf3 f6 10.Be3 Bg4 11.Nd2 Nh6 12.h3 Be6 13.Rd1 Kc7 14.Nf3 Re8 15.Kf2 b6
16.Kg2 Nf7 17.Bc1 a5 18.b3 Nc5 19.fxe5 Nxe5 20.Nxe5 fxe5 21.Bg5 Be7 22.Bh6 Rhg8
23.Be2 Bf8 24.Bg5 h6 25.Be3 h5 26.h4 Be7 27.g4 g5 28.hxg5 Bxg4 29.Bxg4 hxg4
30.Rh7 Ne6 31.Nd5+ cxd5 32.exd5 Rg7 33.Rh6 Nd4 34.Bxd4 exd4 35.Rxd4 Bxg5
36.Rc6+ Kb7 37.Rxg4 Bh6 38.Rxg7+ Bxg7 39.Kf3 Bd4 40.Rh6 Re3+ 41.Kf4 Re2 42.Rh7+ Kc8
43.a3 Bc5  0-1

[Event "Kurgan"]
[Site "Kurgan"]
[Date "1993.??.??"]
[Round "?"]
[White "Vaulin, Alexander"]
[Black "Savon, Vladimir A"]
[Result "1/2-1/2"]
[WhiteElo "2500"]
[BlackElo "2450"]

1.c4 e5 2.g3 Nf6 3.Bg2 d5 4.cxd5 Nxd5 5.Nc3 Nb6 6.Nf3 Nc6 7.O-O Be7 8.Rb1 O-O
9.b4 a6 10.a4 Nxb4 11.Nxe5 a5 12.d4 c6 13.e4 Be6 14.Be3 f6 15.d5 cxd5 16.Bxb6 Qxb6
17.Nxd5 Qd8 18.Nc4 Bc5 19.Qh5 Qe8 20.Qh4 Qf7 21.Rfd1 Rfd8 22.Ncb6 Rab8 23.Qf4 Nc6
24.Bf1 Nb4 25.h4 Bxb6 26.Nxb6 Qe7 27.e5 Qc5 28.Nc4 fxe5 29.Qxe5  1/2-1/2

[Event "Las Palmas op"]
[Site "Las Palmas"]
[Date "1993.??.??"]
[Round "?"]
[White "Todorcevic, Miodrag"]
[Black "Campora, Daniel H"]
[Result "0-1"]
[WhiteElo "2480"]
[BlackElo "2540"]

1.g3 e5 2.c4 d6 3.Bg2 f5 4.Nc3 Nf6 5.d3 c6 6.Nf3 Be7 7.c5 O-O 8.cxd6 Bxd6
9.O-O Na6 10.a3 Nc7 11.b4 Qe7 12.Bb2 Bd7 13.Nd2 Ne6 14.Nc4 Bc7 15.a4 f4 16.e3 Ng5
17.exf4 exf4 18.Re1 Qf7 19.Ne5 Bxe5 20.Rxe5 h6 21.f3 fxg3 22.hxg3 Ng4 23.Rxg5 hxg5
24.Ne4 Ne3 25.Qd2 Nd5 26.Qxg5 Bf5 27.b5 Qg6 28.Qxg6 Bxg6 29.Nc5 Nb4 30.Nxb7 cxb5
31.axb5 Bxd3 32.Ra4 Nc2 33.Rg4 Rf7 34.Nd6 Rd7 35.Be5 Rad8 36.Ne4 Bxe4 37.Rxe4 Rd1+
38.Kh2 Ne1 39.Bc3 Nxg2 40.Kxg2 R8d3 41.Rc4 Rc1  0-1

[Event "Las Palmas-C"]
[Site "Las Palmas"]
[Date "1993.??.??"]
[Round "8"]
[White "Roos, Daniel"]
[Black "Solana Suarez, Ernesto"]
[Result "1/2-1/2"]
[WhiteElo "2415"]
[BlackElo "2335"]

1.g3 e5 2.c4 Nc6 3.Bg2 g6 4.Nc3 Bg7 5.e3 f5 6.d3 Nf6 7.Nge2 O-O 8.O-O a5
9.Rb1 Ne7 10.Qc2 c6 11.Bd2 d5 12.cxd5 Nexd5 13.a3 Be6 14.Na4 Nd7 15.Rbc1 N5b6
16.Nec3 Qe7 17.Rb1 Nxa4 18.Nxa4 Ba2 19.Rbc1 Qf7  1/2-1/2

[Event "Las Vegas op"]
[Site "Las Vegas"]
[Date "1993.??.??"]
[Round "4"]
[White "Lee, Harlan"]
[Black "Fedorov, Vladislav"]
[Result "1/2-1/2"]
[WhiteElo "2215"]
[BlackElo "2425"]

1.c4 e5 2.g3 g6 3.Bg2 Bg7 4.Nc3 Ne7 5.d3 O-O 6.e4 a6 7.Nge2 d6 8.O-O c6 9.Be3 b5
10.Qd2 Be6 11.b3 Nd7 12.Rac1 Nf6 13.h3 Re8 14.cxb5 axb5 15.d4 d5 16.dxe5 Nxe4
17.Nxe4 dxe4 18.Qxd8 Rexd8 19.Bg5 Re8 20.Nf4 Nd5  1/2-1/2

[Event "Liechtenstein op"]
[Site "Liechtenstein"]
[Date "1993.??.??"]
[Round "4"]
[White "Foisor, Cristina Adela B"]
[Black "Gaertner, Guntram"]
[Result "1/2-1/2"]
[WhiteElo "2360"]
[BlackElo "2295"]

1.c4 e5 2.g3 Nf6 3.Bg2 c6 4.d4 exd4 5.Qxd4 d5 6.Nf3 Be7 7.O-O O-O 8.cxd5 cxd5
9.Be3 Nc6 10.Qa4 Bd7 11.Qd1 Re8 12.Nc3 Be6 13.Nd4 Nxd4 14.Bxd4 Qa5 15.Qb3 Qb4
16.Qxb4 Bxb4 17.e3 Bxc3 18.Bxc3 Ne4 19.Bd4 Rec8 20.Rfc1 b6 21.b3 Rxc1+ 22.Rxc1 Rc8
23.Rxc8+ Bxc8 24.f3 Nc5 25.Bf1 f6 26.Kf2 Bf5 27.Bb5 Bb1 28.Bxc5 bxc5 29.Bc6 Bxa2
30.Bxd5+ Kf8 31.Ke2 Bb1 32.e4 g5 33.Kd2 f5 34.Kc3 g4 35.e5 gxf3 36.Bxf3 Be4
37.Be2 Ke7 38.Bc4 h6 39.h4 a5 40.Bg8 Kf8 41.Be6 Ke7 42.Bc8 Kd8 43.Ba6 Ke7
44.Bc4 Bc6 45.Kd3 a4 46.bxa4 Bxa4 47.Ke3 Bd7 48.Kf4 Be6 49.Bd3 c4 50.Bc2 Kd7
51.Ba4+ Kc7 52.Ke3 Kb6 53.Kd4 Ka5 54.Bd1 Kb4 55.Bc2 Kb5 56.Bd1 Kb4 57.Bc2 Kb5
58.Bd1  1/2-1/2

[Event "Liechtenstein op"]
[Site "Liechtenstein"]
[Date "1993.??.??"]
[Round "7"]
[White "Csom, Istvan"]
[Black "Hickl, Joerg"]
[Result "1/2-1/2"]
[WhiteElo "2475"]
[BlackElo "2570"]

1.c4 e5 2.g3 Nf6 3.Bg2 Be7 4.Nc3 O-O 5.e4 c6 6.Nge2 a6 7.d4 d6 8.a4 a5 9.h3 Na6
10.Be3 Re8 11.O-O exd4 12.Nxd4 Bf8 13.Re1 g6 14.f4 Nd7 15.Bf2 Ndc5 16.Ra3 Nb4
17.Na2 Bd7 18.Nc1 Bg7 19.Re2 f5 20.exf5 gxf5 21.Rxe8+ Qxe8 22.Re3 Qg6 23.Nce2 Ne4
24.b3 Nxf2 25.Kxf2 Na6 26.Kg1 Re8 27.Rxe8+ Qxe8 28.Qd2 Nb4 29.Kh2 Qe7 30.Nf3 Kf8
31.Ned4 Bf6 32.h4 Kg7 33.Ng5 h6 34.Ngf3 Bc8 35.Ng1 Qe8 36.Nge2 Kg6 37.Bf3 Bd7
38.Nc3 Qe7  1/2-1/2

[Event "Linares NL"]
[Site "Linares"]
[Date "1993.??.??"]
[Round "7"]
[White "Sunye Neto, Jaime"]
[Black "Spangenberg, Hugo"]
[Result "1-0"]
[WhiteElo "2545"]
[BlackElo "2505"]

1.c4 e5 2.g3 g6 3.d4 d6 4.dxe5 dxe5 5.Qxd8+ Kxd8 6.Nc3 c6 7.b3 Kc7 8.Bb2 f6
9.O-O-O Nh6 10.Ne4 Be7 11.Bh3 Nd7 12.f4 f5 13.Nf2 Nf7 14.Nf3 Re8 15.fxe5 Ndxe5
16.Kb1 Nxf3 17.exf3 Bd7 18.Ne4 c5 19.Nc3 Bc6 20.Nd5+ Bxd5 21.Rxd5 Rad8 22.Rhd1 Rxd5
23.Rxd5 Bd6 24.Kc2 f4 25.g4 b6 26.Bf1 Re1 27.Rd1 Rxd1 28.Kxd1 Be5 29.Bc1 Ng5
30.Ke2 Kd6 31.h4 Ne6 32.Kd3 g5 33.hxg5 Nxg5 34.Bg2 Ke6 35.Bd2 Kf6 36.a3 Nf7
37.Ke4 Ng5+ 38.Kd5 Ne6 39.b4 Nd4 40.bxc5 bxc5 41.Be1 Bc7 42.Bh4+ Kf7 43.Kxc5 Bb6+
44.Kd6 Ne6 45.a4 Nc5 46.a5 Nb7+ 47.Kd5 Nxa5 48.c5 Bc7 49.Bf1 h6 50.Bd3 Bb8
51.Bc2 Bc7 52.Ba4 Bb8 53.Be1 Bc7 54.Bc3 a6 55.Bc2  1-0

[Event "SWE-ch"]
[Site "Lindesberg"]
[Date "1993.??.??"]
[Round "6"]
[White "Karlsson, Lars"]
[Black "Brynell, Stellan"]
[Result "1/2-1/2"]
[WhiteElo "2505"]
[BlackElo "2470"]

1.g3 e5 2.c4 Nf6 3.Bg2 c6 4.d4 Bb4+ 5.Bd2 Bxd2+ 6.Qxd2 d6 7.e4 O-O 8.Ne2 a6
9.O-O b5 10.Na3 Nbd7 11.Rac1 Bb7 12.Rfd1 Qe7 13.Nc2 Rfe8 14.dxe5 dxe5 15.Ne3 g6
16.Qd6 Qxd6 17.Rxd6 Kf8 18.b4 Ke7 19.Rd2 Red8 20.f3 Nf8 21.Rcd1 Rxd2 22.Rxd2 a5
23.cxb5  1/2-1/2

[Event "Lippstadt"]
[Site "Lippstadt"]
[Date "1993.??.??"]
[Round "?"]
[White "Hoffmann, Michael"]
[Black "Brenke, Andreas"]
[Result "1-0"]
[WhiteElo "2460"]
[BlackElo "2285"]

1.c4 e5 2.g3 Nc6 3.Bg2 g6 4.Nc3 Bg7 5.e3 d6 6.Nge2 Nge7 7.O-O O-O 8.d3 Be6
9.Nd5 Qd7 10.Rb1 Nd8 11.b4 a6 12.a4 Nc8 13.e4 c6 14.Ne3 Ne7 15.d4 exd4 16.Nxd4 Bh3
17.Bxh3 Qxh3 18.f4 f5 19.exf5 gxf5 20.Bb2 Rc8 21.Re1 Rc7 22.Ne6 Nxe6 23.Qxd6 Qh6
24.Bxg7 Kxg7 25.Ng4 fxg4 26.Rxe6 Rf6 27.Rbe1  1-0

[Event "Mar del Plata op"]
[Site "Mar del Plata"]
[Date "1993.??.??"]
[Round "2"]
[White "Quinteros, Miguel A"]
[Black "Herrera, Fernando"]
[Result "1-0"]
[WhiteElo "2505"]
[BlackElo "2280"]

1.c4 e5 2.g3 Nf6 3.Bg2 Bc5 4.Nc3 O-O 5.Nf3 Nc6 6.O-O Re8 7.d3 Bf8 8.d4 d6
9.d5 Na5 10.b3 b6 11.Bb2 Bd7 12.Nd2 a6 13.b4 Nb7 14.Qc2 Qc8 15.Rae1 c6 16.Nde4 Nxe4
17.Bxe4 c5 18.Bxh7+ Kh8 19.f4 cxb4 20.Ne4 b5 21.Ng5 Nd8 22.fxe5 dxe5 23.Rxf7 e4
24.Rxf8+ Rxf8 25.Qxe4 Bf5 26.Qh4 Qxc4 27.e4  1-0

[Event "Mar del Plata op"]
[Site "Mar del Plata"]
[Date "1993.??.??"]
[Round "4"]
[White "Samur, Arturo"]
[Black "Fiorito, Fabian"]
[Result "0-1"]
[WhiteElo "2285"]
[BlackElo "2425"]

1.g3 e5 2.c4 Nf6 3.Bg2 d6 4.Nc3 g6 5.Nf3 Bg7 6.O-O O-O 7.d3 h6 8.Bd2 Nc6
9.a3 a5 10.Rb1 Be6 11.Ne1 Qd7 12.Nd5 Ne8 13.b4 axb4 14.axb4 Bh3 15.b5 Nd8
16.Ra1 Rb8 17.Ra7 Bxg2 18.Nxg2 Ne6 19.e3 f5 20.f4 Nf6 21.Nxf6+ Bxf6 22.Bc3 Nc5
23.Qc2 b6 24.Rfa1 Rbe8 25.Qd1 Qg7 26.R1a2 g5 27.Kh1 Ne6 28.Rc2 exf4 29.Bxf6 Rxf6
30.gxf4 g4 31.d4 h5 32.Rca2 Rff8 33.R2a6 Qe7 34.Rxb6 h4 35.d5 Nc5 36.Qd4 h3
37.Ne1 Qh4 38.Nc2 Qf2  0-1

[Event "Martinez Valle op2"]
[Site "Martinez Valle"]
[Date "1993.??.??"]
[Round "3"]
[White "Quinteros, Miguel A"]
[Black "Villarreal, Hector"]
[Result "1-0"]
[WhiteElo "2505"]
[BlackElo "2290"]

1.c4 e5 2.g3 Nf6 3.Bg2 d5 4.cxd5 Nxd5 5.Nf3 Nc6 6.O-O Be7 7.d4 exd4 8.Nxd4 Nxd4
9.Qxd4 Nf6 10.Qa4+ c6 11.Nc3 O-O 12.h3 Be6 13.e4 Bc5 14.Qc2 Bb6 15.Na4 Qc8
16.Kh2 Nd7 17.Nxb6 axb6 18.f4 f6 19.Be3 Kh8 20.Rfd1 Rd8 21.Rd6 Nf8 22.Rxd8 Qxd8
23.a3 Nd7 24.Rd1 Qe7 25.Qf2 c5 26.Qd2 f5 27.Qd6 Qf7 28.g4 g6 29.Bd2 fxg4
30.f5 g3+ 31.Qxg3 Bb3 32.Bc3+ Kg8 33.Rd6  1-0

[Event "Massy op2"]
[Site "Massy"]
[Date "1993.??.??"]
[Round "4"]
[White "Spiridonov, Nikola"]
[Black "Appleberry, Martin"]
[Result "0-1"]
[WhiteElo "2430"]
[BlackElo "2355"]

1.c4 e5 2.g3 Nc6 3.Bg2 g6 4.Nc3 Bg7 5.Rb1 a6 6.a4 a5 7.b4 Nxb4 8.Nd5 c5 9.d3 d6
10.e3 Be6 11.Ne2 Nxd5 12.cxd5 Bg4 13.f3 Bd7 14.e4 f5 15.O-O  0-1

[Event "AUS-ch op"]
[Site "Melbourne"]
[Date "1993.??.??"]
[Round "7"]
[White "Kagan, Issay"]
[Black "Wohl, Aleksandar H"]
[Result "0-1"]
[WhiteElo "2285"]
[BlackElo "2370"]

1.c4 e5 2.g3 Nc6 3.Bg2 g6 4.Nc3 Bg7 5.d3 Nge7 6.Rb1 O-O 7.b4 a6 8.a4 h6 9.b5 axb5
10.axb5 Nd4 11.e3 Ne6 12.Nge2 d6 13.O-O Ng5 14.e4 Ne6 15.Be3 f5 16.Nd5 f4
17.gxf4 Nxd5 18.exd5 Nxf4 19.Be4 Bg4 20.f3 Bc8 21.Kh1 Qh4 22.Nxf4 exf4 23.Bf2 Qh5
24.Rg1 Bf5 25.b6 Ra2 26.Bxf5 Rxf2 27.Be6+ Kh7 28.Rg2 Rxg2 29.Kxg2 cxb6 30.Bg4 Qg5
31.Kh1 Ra8 32.Qe2 b5 33.cxb5 Qxd5 34.Qe4 Qxe4 35.dxe4 b6 36.Rc1 h5 37.Bd7 Ra3
38.Kg2 Ra2+ 39.Kh1 Rf2 40.Rc6 Be5 41.Rxb6 Rxf3 42.Kg2 Rb3 43.Rb7 Kh6 44.Kf1 Rb1+
45.Ke2 Rb2+ 46.Kd3 f3 47.h4 f2 48.Bh3 Rb3+  0-1

[Event "Minsk"]
[Site "Minsk"]
[Date "1993.??.??"]
[Round "?"]
[White "Mochalov, Evgeny V"]
[Black "Gipslis, Aivars"]
[Result "0-1"]
[WhiteElo "2445"]
[BlackElo "2490"]

1.c4 e5 2.g3 Nf6 3.Bg2 Nc6 4.Nf3 d5 5.cxd5 Nxd5 6.Nc3 Nb6 7.O-O Be7 8.d3 O-O
9.Be3 Be6 10.Rc1 f5 11.Na4 Bd5 12.Bc5 Bd6 13.Bxd6 cxd6 14.Nxb6 axb6 15.a3 Kh8
16.e3 Qf6 17.Qd2 h6 18.Ne1 Bxg2 19.Nxg2 f4 20.exf4 exf4 21.Nxf4 Ne5 22.Qc3 g5
23.Ng2 Qf3 24.Qd4 Rf6 25.Rc7 Qh5 26.f4 Ng4 27.Rf2 Qxh2+ 28.Kf1 Qxg3 29.Rfc2 Nh2+
30.Ke2 Qxg2+ 31.Kd1 Qf1+  0-1

[Event "Minsk"]
[Site "Minsk"]
[Date "1993.??.??"]
[Round "?"]
[White "Rotstein, Arkadij"]
[Black "Gipslis, Aivars"]
[Result "1/2-1/2"]
[WhiteElo "2465"]
[BlackElo "2490"]

1.c4 e5 2.g3 Nf6 3.Bg2 d5 4.cxd5 Nxd5 5.Nf3 Nc6 6.O-O Nb6 7.d3 Be7 8.a3 O-O
9.Nbd2 a5 10.b3 Re8 11.Bb2 Bf8 12.Rc1 Nd4 13.e3 Nxf3+ 14.Nxf3 f6 15.Qc2 c5
16.Nd2 a4 17.Nc4 Be6 18.Ba1 Re7 19.Rb1 Rd7 20.bxa4 Nxc4 21.dxc4 Ra7 22.Rfd1 Rxd1+
23.Rxd1 Qe8 24.Be4 g6 25.Qd3 Rxa4 26.Bxb7 Bxc4 27.Qc2 Bf7 28.Bb2 Ra7 29.Bd5 Qa4
30.Bxf7+ Kxf7 31.Qd3 Qa6 32.Qd8 Qb7 33.Bc3 Qe7 34.Qc8 Qe6 35.Qb8 Rxa3 36.Ba5 Qc6
37.Qd8 c4 38.e4 Rd3 39.Rxd3 cxd3 40.Qxd3 h5  1/2-1/2

[Event "Minsk-C"]
[Site "Minsk"]
[Date "1993.??.??"]
[Round "1"]
[White "Zemerov, Vladimir"]
[Black "Eriksson, Johan"]
[Result "1/2-1/2"]
[WhiteElo "2455"]
[BlackElo "2200"]

1.c4 e5 2.g3 Nc6 3.Bg2 g6 4.Nc3 Bg7 5.Rb1 d6 6.b4 f5 7.b5 Nce7 8.d3 Nf6 9.Qb3 O-O
10.Nf3 h6 11.c5+ Kh8 12.cxd6 cxd6 13.Ba3 e4 14.Nd2 d5 15.e3 Be6 16.Ne2 Bf7
17.Nd4 Ng4 18.Bb2 Ne5 19.Bf1 Qd7 20.Be2 Ng8 21.h3 Rfe8 22.Rc1 Nf6 23.Kd1 Rac8
24.dxe4 dxe4 25.Qa4 Nd3 26.Bxd3 exd3 27.Rxc8 Rxc8 28.Qxa7 Qd5 29.Re1 Ne4
30.Nxe4 fxe4 31.Kd2 Kh7 32.Rc1 Rxc1 33.Bxc1 Qxa2+ 34.Qxa2 Bxa2 35.f3 Bxd4
36.exd4 exf3 37.Ke3 Kg7  1/2-1/2

[Event "Montpellier"]
[Site "Montpellier"]
[Date "1993.??.??"]
[Round "?"]
[White "Schlosser, Philipp"]
[Black "Hickl, Joerg"]
[Result "0-1"]
[WhiteElo "2550"]
[BlackElo "2570"]

1.c4 e5 2.g3 c6 3.Bg2 d5 4.cxd5 cxd5 5.d4 e4 6.Nc3 Nc6 7.f3 f5 8.Nh3 Be7
9.O-O Bf6 10.e3 Nge7 11.Nf4 g6 12.a3 Bg5 13.Nh3 Bh6 14.g4 fxg4 15.fxg4 Be6
16.Nf4 Bxf4 17.Rxf4 Qd7 18.g5 h6 19.gxh6 Rxh6 20.b4 g5 21.Rf2 O-O-O 22.Raa2 Rdh8
23.Bh1 g4 24.Qf1 Ng6 25.Rg2 Nh4 26.Rg3 Nf3+ 27.Bxf3 gxf3 28.Rc2 Qh7 29.Qf2 Rg8
30.Kf1 Rxg3 31.Qxg3 Rg6  0-1

[Event "Moscow blitz"]
[Site "Moscow"]
[Date "1993.??.??"]
[Round "?"]
[White "Budnikov, Alexandar"]
[Black "Smyslov, Vassily"]
[Result "1/2-1/2"]
[WhiteElo "2520"]
[BlackElo "2530"]

1.c4 e5 2.g3 f5 3.Bg2 Nf6 4.Nc3 Bb4 5.Qc2 Bxc3 6.Qxc3 d6 7.c5 c6 8.cxd6 Qxd6
9.b3 Be6 10.Bb2 Nbd7 11.Nf3 Nd5 12.Qc2 O-O 13.d3 Rae8 14.O-O Kh8 15.Rad1 Bg8
16.e3 f4 17.Rfe1 fxe3 18.fxe3 Qh6 19.Bc1 Qh5 20.Rf1 N7f6 21.e4 Nb4 22.Qd2 c5
23.Ba3 a5 24.Nh4 Rd8 25.Rf5 Qe8 26.Qc3 b6 27.Rxe5 Qd7 28.Rg5 Nxa2 29.Qa1 Nb4
30.Bb2 Nc2 31.Qc1 Nd4 32.Qe3 Bxb3 33.Rf1 Ne6 34.Rgf5 Qxd3 35.Qf2 Ng4 36.Qe1 Qe3+
37.Kh1 Qxe1  1/2-1/2

[Event "Sportland NRW-Cup"]
[Site "Muenster"]
[Date "1993.??.??"]
[Round "2"]
[White "Hoffmann, Michael"]
[Black "Unzicker, Wolfgang"]
[Result "1-0"]
[WhiteElo "2455"]
[BlackElo "2450"]

1.c4 e5 2.g3 Nf6 3.Bg2 d6 4.Nc3 g6 5.Nf3 Bg7 6.d4 Nbd7 7.O-O O-O 8.e4 c6
9.Qc2 exd4 10.Nxd4 Nc5 11.Rd1 Re8 12.Bf4 Nh5 13.Be3 Qe7 14.b4 Nd7 15.Nb3 Ne5
16.c5 Rd8 17.cxd6 Rxd6 18.Bc5 Rxd1+ 19.Rxd1 Qe8 20.f4 Bg4 21.fxe5 Bxd1 22.Nxd1 Qxe5
23.Nf2 Nf6 24.Bd4 Qe7 25.Qc5 Qxc5 26.Nxc5 b6 27.Ncd3 Nxe4 28.Bxg7 Nxf2 29.Kxf2 Kxg7
30.Bxc6 Rd8 31.Ke3 f5 32.a4 Kf6 33.a5 Rc8 34.Bb7 Rc2 35.a6 Rxh2 36.b5 h5
37.Nb4 h4 38.gxh4 Rh3+ 39.Kf2 Rb3 40.Nc6 Rxb5 41.Nxa7 Ra5 42.Nc6 Ra2+ 43.Ke3 b5
44.a7 b4 45.a8=Q Rxa8 46.Bxa8 b3 47.Kd3  1-0

[Event "Munich op9293"]
[Site "Munich"]
[Date "1993.??.??"]
[Round "2"]
[White "Titz, Heimo"]
[Black "Ehrke, Michael"]
[Result "1-0"]
[WhiteElo "2345"]
[BlackElo "2260"]

1.c4 e5 2.g3 h5 3.Nc3 h4 4.Bg2 Nc6 5.Nf3 h3 6.Bf1 Nf6 7.e3 d5 8.d4 e4 9.Nd2 Bf5
10.cxd5 Nxd5 11.Bc4 Nf6 12.Qb3 Qd7 13.Bxf7+ Kd8 14.Bc4 Na5 15.Qb5 Qxb5 16.Bxb5 a6
17.Ba4 Bb4 18.O-O b5 19.Bc2 Bxc3 20.bxc3 Nc4 21.Nxc4 bxc4 22.f3 Re8 23.Rb1 Bd7
24.Rb4 a5 25.Rb2 Bc6 26.f4 g6 27.Bd2 Bd5 28.Rfb1 c6 29.Bd1 Be6 30.Rb6 Kc7
31.Rb7+ Kd6 32.Bc1 Bg4 33.Ba3+ Ke6 34.Ba4 Rac8 35.R1b6 Kd5 36.Ra7 Bd7 37.Rxa5+ Ke6
38.Bb5 Ng4 39.Bxc4+ Kf6 40.Bc1  1-0

[Event "Munich op9293"]
[Site "Munich"]
[Date "1993.??.??"]
[Round "4"]
[White "Bischoff, Klaus"]
[Black "Mainka, Romuald"]
[Result "0-1"]
[WhiteElo "2510"]
[BlackElo "2550"]

1.c4 e5 2.g3 Nf6 3.Bg2 d5 4.cxd5 Nxd5 5.Nf3 Nc6 6.O-O Nb6 7.d3 Be7 8.Nbd2 O-O
9.a3 a5 10.b3 Be6 11.Bb2 f6 12.Qc2 Qd7 13.Rfd1 Rfd8 14.Nc4 Qe8 15.Nfd2 Kh8
16.Be4 Bd5 17.Bxd5 Nxd5 18.Nf3 Qh5 19.Ncd2 Nb6 20.Rdc1 Rd5 21.Qd1 Nd7 22.Rc4 Nf8
23.Rac1 Ne6 24.Qf1 Rad8 25.Qg2 Bc5 26.Qf1 Bd4 27.Bxd4 Ncxd4 28.b4 c6 29.Rb1 a4
30.Kg2 f5 31.Re1 b5 32.Rcc1 Nxf3 33.Nxf3 e4 34.dxe4 fxe4 35.Ng1 Nd4 36.Rc3 Nb3
37.f4 Nd2 38.Qf2 Nc4 39.Rec1 Rd2 40.Rxc4 bxc4 41.Rxc4 Qd5 42.Rc3 Rb2 43.Rc5 Qb3
44.Re5 Qxa3 45.Qd4 Rg8 46.Rxe4 Qa2 47.Re5 a3 48.Kf2 Qb1 49.Qa7 a2 50.Ra5 Qc2
51.Qf7 Qd2 52.Qe6 Qd4+ 53.Kg2 Rb1 54.Nf3 Qd1 55.Kh3 a1=Q 56.Ng5 Qf6 57.Qe4 Qh6+  0-1

[Event "Munich op9293"]
[Site "Munich"]
[Date "1993.??.??"]
[Round "8"]
[White "Schwarz, Michael"]
[Black "Slobodjan, Roman"]
[Result "1-0"]
[WhiteElo "2380"]
[BlackElo "2480"]

1.c4 e5 2.g3 f5 3.Bg2 d6 4.Nc3 Nf6 5.e3 Be7 6.Nge2 O-O 7.O-O c6 8.d4 Be6
9.d5 cxd5 10.Nxd5 Nc6 11.b3 Qd7 12.Ba3 Rfd8 13.Nec3 e4 14.Qd2 Ne5 15.Rfd1 Nxd5
16.Nxd5 Bf8 17.Nf4 Bf7 18.Bb2 Qe8 19.h4 h6 20.Kh1 g6 21.Nd5 Qc6 22.Qd4 Bxd5
23.Qxd5+ Qxd5 24.Rxd5 Nd3 25.Rxd3 exd3 26.Bxb7 Rab8 27.Bd5+ Kh7 28.Rd1 Bg7
29.Ba3 Rb6 30.Rxd3 Ra6 31.b4 Bf6 32.Kg2 Kg7 33.Kf1 Be5 34.Ke2 g5 35.f4 Bf6
36.h5 Ba1 37.Kd2 Rb6 38.b5 Bf6 39.Bb4 Rbb8 40.Bc6 Be7 41.Ba5 Rdc8 42.Bc3+ Kh7
43.Bd7 Rf8 44.Rd5 gxf4 45.gxf4 Rb7 46.Bxf5+ Kg8 47.Kc2 Rc7 48.Kb3 Rc5 49.Be6+ Kh7
50.Bd4 Rc7 51.a4 Re8 52.f5 Bf8 53.Bc3 Rc5 54.Rxc5 dxc5 55.e4 Bd6 56.a5 Bc7
57.Ka4 Re7 58.a6 Rg7 59.Bxg7 Kxg7 60.e5 Kf8 61.Bd5 Bxe5 62.b6 Bb8 63.Kb5 Ke7
64.Kc6  1-0

[Event "New York Enhance"]
[Site "New York"]
[Date "1993.??.??"]
[Round "7"]
[White "Frias, Victor J"]
[Black "Klovsky, Rafail"]
[Result "1/2-1/2"]
[WhiteElo "2455"]
[BlackElo "2365"]

1.c4 e5 2.g3 Nf6 3.Bg2 c6 4.d4 exd4 5.Qxd4 d5 6.cxd5 cxd5 7.Nf3 Nc6 8.Qa4 Bb4+
9.Bd2 Bxd2+ 10.Nbxd2 O-O 11.O-O Qb6 12.Qb3 Qa6 13.e3 h6 14.Rfc1 Be6 15.Bf1 Qb6
16.Qxb6 axb6 17.Nb3 Rfc8 18.Nbd4 Nxd4 19.Rxc8+ Rxc8 20.Nxd4 Kf8 21.Bd3 Ne8
22.Kf1 Nd6 23.Ke2 b5 24.b3 Bd7 25.f3 Ke7 26.Kd2 b6 27.Rc1 Rc5 28.g4 g6 29.h4 Kf6
30.Rg1 Rc8 31.g5+ hxg5 32.hxg5+ Kg7 33.Rc1 Rc5 34.Rh1 Rc8 35.Rh4 Ra8 36.Bb1 Rc8
37.Rf4 Ne8 38.Ne2 Nc7 39.Nd4 Ne8 40.Bd3 Ra8 41.Bb1 Rc8  1/2-1/2

[Event "Novosibirsk"]
[Site "Novosibirsk"]
[Date "1993.??.??"]
[Round "2"]
[White "Pigusov, Evgeny"]
[Black "Ruban, Vadim"]
[Result "1/2-1/2"]
[WhiteElo "2575"]
[BlackElo "2595"]

1.c4 e5 2.g3 Nf6 3.Bg2 d5 4.cxd5 Nxd5 5.Nc3 Nb6 6.Nf3 Nc6 7.O-O Be7 8.d3 O-O
9.a3 Re8 10.Be3 Bf8 11.Rc1 Nd4 12.Ne4 Bg4 13.Bxd4 exd4 14.Nc5 Bxc5 15.Rxc5 Qd6
16.b4 c6 17.h3 Bxf3 18.Bxf3 Nd7 19.Rc2 Nb6 20.Rc5 Nd7 21.Rc2 Nb6 22.Rc5  1/2-1/2

[Event "Oberwart op"]
[Site "Oberwart"]
[Date "1993.??.??"]
[Round "6"]
[White "Usachyi, Mark"]
[Black "Kosten, Anthony C"]
[Result "1-0"]
[WhiteElo "2305"]
[BlackElo "2495"]

1.c4 e5 2.g3 Nf6 3.Bg2 c6 4.d4 exd4 5.Qxd4 d5 6.Nc3 Be6 7.cxd5 cxd5 8.Bg5 Nc6
9.Qa4 Be7 10.Rd1 O-O 11.Nf3 Qb6 12.Qb5 Qxb5 13.Nxb5 Nb4 14.Nfd4 Rac8 15.Nc3 h6
16.Bf4 Rc4 17.O-O Rfc8 18.Rd2 g5 19.Be3 Ng4 20.a3 Nxe3 21.fxe3 Rxc3 22.bxc3 Nc6
23.Nxe6 fxe6 24.Bh3 Nd8 25.Rxd5 h5 26.Rd7 Bc5 27.Kf2 Bb6 28.Rfd1 g4 29.Bg2 Nf7
30.Bxb7 Rf8 31.Ke1 Bxe3 32.R7d3 Bc5 33.c4 Kg7 34.Rd7 Bxa3 35.Kd2 Bd6 36.Rf1 h4
37.Kc2 hxg3 38.hxg3 Bxg3 39.Rg1 Bb8 40.Rxg4+ Kh6 41.Rd1 Ng5 42.Rh1+ Kg6 43.Be4+  1-0

[Event "Odorheiu Secuiesc op"]
[Site "Odorheiu Secuiesc"]
[Date "1993.??.??"]
[Round "11"]
[White "Cretu, Alina"]
[Black "Skripchenko, Almira"]
[Result "1/2-1/2"]
[WhiteElo "2055"]
[BlackElo "2190"]

1.c4 e5 2.g3 d6 3.Bg2 f5 4.e3 Nf6 5.Nc3 Be7 6.Nf3 O-O 7.O-O Qe8 8.d3 Qh5
9.Nd5 Nxd5 10.cxd5 Nd7 11.Qc2 Bd8 12.b4 Rf6 13.Ne1 Rh6 14.h3 Nf6 15.f4 e4
16.Bb2 Rg6 17.Kf2 Bd7 18.Rh1 c6 19.dxe4 Nxe4+ 20.Bxe4 fxe4 21.Qxe4 Bb6 22.Qf3 Qh6
23.Bd4 Bxd4 24.exd4 Rf6 25.dxc6 bxc6 26.Nd3 g5 27.Rae1 Raf8 28.Kg2 Qg7 29.Kh2 Rh6
30.Nf2 Qxd4 31.Re7 Be6 32.Rd1 Qf6 33.Rxa7 gxf4 34.Rxd6 fxg3+ 35.Qxg3+ Rg6
36.Ng4 Qb2+ 37.Qg2 Qxg2+ 38.Kxg2 h5 39.Kh2 hxg4 40.hxg4 Bf7 41.Rxg6+ Bxg6
42.Rc7 Be4 43.a4 Rb8 44.b5 cxb5 45.axb5 Rxb5 46.Kg3 Bg6 47.Kf4 Bf7 48.Re7 Kg7
49.Re5 Rb4+ 50.Re4 Rb1 51.g5 Kg6 52.Re5 Rb6 53.Ra5 Rb4+ 54.Kg3 Be6 55.Ra6 Kf5
56.Ra5+ Kg6 57.Ra6 Kf7 58.Ra7+ Kg8 59.Ra8+ Kg7 60.Ra7+ Bf7 61.Ra6 Bc4 62.Rd6 Be2
63.Rd5 Kg6 64.Ra5 Bg4 65.Ra8 Bf5 66.Rg8+ Kf7 67.Ra8 Rg4+ 68.Kf2 Rxg5 69.Ke3 Rg4
70.Ra7+ Kf6 71.Ra6+ Be6 72.Ra5 Bf5 73.Ra6+ Kg5 74.Ra8 Re4+ 75.Kf3 Rd4 76.Rg8+ Bg6
77.Rb8 Rd3+ 78.Ke2 Bf5 79.Rb4 Rh3 80.Kd2 Ra3 81.Ke2 Bg4+ 82.Kd2 Bf3 83.Kc2 Kf5
84.Kb2 Ra5 85.Kc3 Ke5 86.Rh4 Be4 87.Rh5+ Bf5 88.Kb4 Rd5 89.Kc4 Rd2 90.Kc3 Rc2+
91.Kb3 Rc7 92.Kb4 Ke4 93.Rh4+ Kd3 94.Kb5 Be4 95.Kb6 Rc8 96.Rh3+ Kd4 97.Rh4 Rc6+
98.Kb5 Rd6 99.Rg4 Rd5+ 100.Kb6 Ke5 101.Rg5+ Bf5 102.Kc6 Ke6  1/2-1/2

[Event "Ontario op"]
[Site "Ontario"]
[Date "1993.??.??"]
[Round "2"]
[White "Spraggett, Grant"]
[Black "Palacios, Bobby"]
[Result "1/2-1/2"]
[WhiteElo "2280"]
[BlackElo "2240"]

1.c4 e5 2.g3 Nf6 3.Bg2 c6 4.d4 exd4 5.Qxd4 d5 6.Nf3 Bb4+ 7.Bd2 Bxd2+ 8.Nbxd2 O-O
9.O-O Qe7 10.cxd5 cxd5 11.Qd3 Nc6 12.Nb3 Re8 13.Nbd4 Bg4 14.Rfe1 Rad8 15.a3 Ne4
16.b4 Qf6 17.Nxc6 bxc6 18.Qd4 Bxf3 19.Qxf6 Nxf6 20.Bxf3 a5 21.Rec1 Re6 22.Rab1 axb4
23.Rxb4 g5 24.e3 Ra8 25.a4 Ra5  1/2-1/2